[Event "Medellin Navideno op"]
[Site "Medellin"]
[Date "2013.12.18"]
[Round "1"]
[White "Gutierrez Herrera, Jose Antonio"]
[Black "Dijon, Fabien"]
[Result "1-0"]
[WhiteElo "2188"]
[BlackElo "2034"]
[PlyCount "77"]
[EventDate "2013.12.18"]
[EventType "swiss"]
[EventRounds "9"]
[EventCountry "COL"]
[SourceTitle "CBM 158 Extra"]
[Source "ChessBase"]
[SourceDate "2014.02.28"]
[SourceVersion "1"]
[SourceVersionDate "2014.02.28"]
[SourceQuality "1"]

1. e4 e6 2. d4 d5 3. Nc3 Nf6 4. Bg5 Bb4 5. e5 h6 6. Bd2 Bxc3 7. bxc3 Ne4 8. Qg4 Kf8 9. Bd3 Nxd2 10. Kxd2 c5 11. h4 Nc6 12. Qf4 c4 13. Bg6 Qe7 14. Ne2 Kg8 15. Bh5 g6 16. Bf3 b5 17. a3 Bd7 18. Rh3 a5 19. g4 Kg7 20. Ng3 b4 21. axb4 axb4 22. Rxa8 bxc3+ 23. Ke3 Rxa8 24. g5 Nb4 25. gxh6+ Kh7 26. h5 Nxc2+ 27. Ke2 Nxd4+ 28. Qxd4 Ra2+ 29. Kf1 c2 30. Ne2 Qg5 31. hxg6+ fxg6 32. Be4 c1Q+ 33. Nxc1 Qxc1+ 34. Kg2 Be8 35. Qc5 Qf4 36. Qe7+ Qf7 37. Bxg6+ Kxg6 38. Rg3+ Kh7 39. Rg7+ 1-0

[Event "FRA-chT2 South 0607"]
[Site "France"]
[Date "2007.04.01"]
[Round "11.3"]
[White "Benmesbah, Natacha"]
[Black "Dijon, Fabien"]
[Result "1-0"]
[WhiteElo "2179"]
[BlackElo "2053"]
[PlyCount "65"]
[EventDate "2006.10.15"]
[EventType "team"]
[EventRounds "11"]
[EventCountry "FRA"]
[SourceTitle "EXT 2008"]
[Source "ChessBase"]
[SourceDate "2007.11.25"]
[SourceVersion "1"]
[SourceVersionDate "2007.11.25"]
[SourceQuality "1"]
[WhiteTeam "Toulouse"]
[BlackTeam "L'Isle sur la Sorgue"]
[WhiteTeamCountry "FRA"]
[BlackTeamCountry "FRA"]

1. e4 e6 2. d4 d5 3. Nc3 Nf6 4. Bd3 c5 5. exd5 Nxd5 6. Nf3 Nc6 7. Nxd5 exd5 8. dxc5 Bxc5 9. 0-0 0-0 10. h3 Nb4 11. c3 Nxd3 12. Qxd3 Qb6 13. b4 Be7 14. Qxd5 Be6 15. Qh5 Rac8 16. Be3 Qa6 17. Bd4 Rcd8 18. Rfe1 Rd5 19. Re5 Rxe5 20. Qxe5 Bf6 21. Qh5 Bxd4 22. Nxd4 Qc4 23. Qf3 Bd5 24. Qg3 Be4 25. Nb3 b6 26. Re1 Bc2 27. Nd4 Qxa2 28. Nc6 a5 29. Ne7+ Kh8 30. Qd6 Ra8 31. Qc6 axb4 32. Nd5 Qa4 33. Qxa4 1-0

[Event "FRA-chT2 South 0607"]
[Site "France"]
[Date "2007.01.20"]
[Round "5.6"]
[White "Dijon, Fabien"]
[Black "Gaudineau, Gilles"]
[Result "1-0"]
[WhiteElo "2053"]
[BlackElo "2062"]
[PlyCount "80"]
[EventDate "2006.10.15"]
[EventType "team"]
[EventRounds "11"]
[EventCountry "FRA"]
[SourceTitle "EXT 2008"]
[Source "ChessBase"]
[SourceDate "2007.11.25"]
[SourceVersion "1"]
[SourceVersionDate "2007.11.25"]
[SourceQuality "1"]
[WhiteTeam "L'Isle sur la Sorgue"]
[BlackTeam "Vitrolles"]
[WhiteTeamCountry "FRA"]
[BlackTeamCountry "FRA"]

1. e4 e5 2. Nf3 Nc6 3. Bc4 Bb4 4. c3 Ba5 5. 0-0 d6 6. d4 Bg4 7. d5 Nce7 8. Qa4+ c6 9. dxc6 bxc6 10. Ng5 Bh5 11. b4 Bb6 12. Qb3 Nh6 13. h3 0-0 14. g4 Bg6 15. Rd1 Qd7 16. Be2 Kh8 17. c4 Rab8 18. a4 Bc5 19. b5 f6 20. Nf3 Bxe4 21. Ba3 Bxa3 22. Qxa3 d5 23. Nc3 Bxf3 24. Bxf3 d4 25. Ne4 f5 26. gxf5 Rxf5 27. Ng3 Rf4 28. Bg2 Rbf8 29. Qc5 Qc7 30. bxc6 Rxf2 31. Rab1 e4 32. Nxe4 R2f5 33. Rb7 Qxc6 34. Qxe7 R5f7 35. Nd6 Rxe7 36. Bxc6 Re6 37. c5 Re3 38. Bd5 Rxh3 39. c6 Ng4 40. Nf7+ Rxf7 1-0

[Event "FRA-chT2 South 0607"]
[Site "France"]
[Date "2006.10.15"]
[Round "1.7"]
[White "Buffe, Fabrice"]
[Black "Dijon, Fabien"]
[Result "1-0"]
[WhiteElo "2145"]
[BlackElo "2068"]
[PlyCount "45"]
[EventDate "2006.10.15"]
[EventType "team"]
[EventRounds "11"]
[EventCountry "FRA"]
[SourceTitle "EXT 2008"]
[Source "ChessBase"]
[SourceDate "2007.11.25"]
[SourceVersion "1"]
[SourceVersionDate "2007.11.25"]
[SourceQuality "1"]
[WhiteTeam "Grasse"]
[BlackTeam "L'Isle sur la Sorgue"]
[WhiteTeamCountry "FRA"]
[BlackTeamCountry "FRA"]

1. d4 Nf6 2. c4 g6 3. Nc3 Bg7 4. e4 d6 5. f4 0-0 6. Nf3 c5 7. d5 e6 8. Be2 exd5 9. cxd5 Re8 10. e5 dxe5 11. fxe5 Ng4 12. Bg5 Qb6 13. 0-0 Nxe5 14. Nxe5 Bxe5 15. Bc4 Qxb2 16. d6 Bd4+ 17. Kh1 Bf5 18. Bxf7+ Kxf7 19. Rxf5+ gxf5 20. Qh5+ Kf8 21. Bh6+ Bg7 22. Rf1 Nc6 23. Qxf5+ 1-0

[Event "Saint Affrique op 09th"]
[Site "Saint Affrique"]
[Date "2001.07.23"]
[Round "4.44"]
[White "Marquet, Olivier"]
[Black "Dijon, Fabien"]
[Result "1-0"]
[WhiteElo "1600"]
[BlackElo "2031"]
[PlyCount "64"]
[EventDate "2001.07.??"]
[EventType "swiss"]
[EventRounds "9"]
[EventCountry "FRA"]
[SourceTitle "EXT 2003"]
[Source "ChessBase"]
[SourceDate "2002.11.25"]
[SourceVersion "1"]
[SourceVersionDate "2002.11.25"]
[SourceQuality "1"]

1. d4 Nf6 2. c4 d6 3. Nc3 g6 4. e4 Bg7 5. Nf3 0-0 6. Be2 c5 7. d5 e6 8. h3 exd5 9. cxd5 Re8 10. Nd2 a6 11. a4 Nbd7 12. 0-0 Rb8 13. a5 b5 14. axb6 Qxb6 15. Nc4 Qc7 16. Bf4 Bf8 17. Qc2 Nb6 18. Na5 Ra8 19. Qd3 Bg7 20. Qg3 Nxe4 21. Nxe4 Rxe4 22. Bxd6 Qd7 23. Bf3 Rb4 24. Nc6 Rb5 25. Rae1 Nc4 26. Bc7 Nd2 27. Re7 Nxf1 28. Qf4 f5 29. Rxd7 Bxd7 30. Ne7+ Kf7 31. d6 Rb4 32. Qg5 Re8 1-0